| 000 | 00713nam a22002651c 4500 | ||
|---|---|---|---|
| 001 | a987677553 | ||
| 008 | 161019s2010 gw |||| 000u rus d | ||
| 020 |
_a9785901897638 _9978-5-901897-63-8 |
||
| 041 | _arus | ||
| 100 | 1 | _aKuprijanova, I. V. | |
| 245 | 0 | 0 | _aStaroobrjadcy Altaja v pervoj treti XX veka |
| 264 |
_aBarnaul : _bIzd. Altajskoj gos. akademii kul'tury i iskusstv, _c2010 |
||
| 300 | _a246 S. | ||
| 650 | 0 | _aAltgläubige | |
| 650 | 0 | _aOrthodoxie | |
| 650 | 0 | _aStalinismus | |
| 650 | 0 | _aTerrror | |
| 651 | 0 | _aAltaj | |
| 651 | 0 | _aBarnaul | |
| 651 | 0 | _aSibirien | |
| 710 | 2 | _aAltajskaja gos. akademija kul'tury i iskusstv | |
| 942 | _cMG | ||
| 040 | _cRU-10907106 | ||
| 003 | RU-10907106 | ||
| 999 |
_c39480 _d39480 |
||